000 00764nab a2200229u 4500
001 19353
003 HDC
007 c| |||a|c|aaaa
008 210226b20100823my ||||o |||| 00| 0 eng d
040 _aHDC
100 _aMARTIN ABBUGAO /
_eauthor
_917784
245 0 _aAfter Islamic food and banking: halal travel /
_bMARTIN ABBUGAO
336 _atext
_2rdacontent
337 _acomputer
_2rdamedia
338 _aonline resource
_2rdacarrier
650 _aHalal travel
_94328
650 _ahalal-certified restaurants
_917785
856 _zRequest full-text at [email protected]
942 _2lcc
942 _cNEWS
942 _kNWS0 003516
999 _c16669
_d16669